000 00495nam a2200169Ia 4500
008 090201s9999 xx 000 0 und d
010 _aKPL-29413
040 _bमराठी
041 _aमराठी
082 _a32072
_b29413
100 _aउध्दव शेळके
245 _aम्हणून !
_cउध्दव शेळके
260 _c2004
_bसरस प्रकाशन
300 _a229
_bमोठा
600 _aम्हणून !
942 _cBOOK
999 _c230445
_d230445